zpět

Detail výsledku týmu

Rest.Art - Podolí, Praha

Datum a čas kvízu

31 Celkem bodů Celkový počet nahraných bodů na tomto kvízu bez doplňovacích otázek.
6. Pořadí na kvízu Konečné umístění týmu na tomto kvízu.

Zaznamenané odpovědi

# Otázka Odpověď Body Výsledky
1. Poblíž které jihočeské obce by... Lety 1
2. Minulý týden soud osvobodil čt... v Belgii 0
3. Fanoušci seriálu Simpsonovi sm... Larry 1
4. Minulý týden jsme se dozvěděli... Datart 1
5. Olympijskému vítězi ve skocích... na Islandu 0
6. Sugo all'amatriciana patří mez... guanciale; pecorino 1
7. Napište zakrytou značku zobraz... Kikkoman 1
8. Když se řekne omáčka, určitě s... 15 0
9. Město Worcester dalo jméno jed... C; čertovo lejno 1
10. Jak se označuje tato omáčka (z... holandská omáčka; vejce Benedikt 1